00425nam a22001577a 450000500170000000800410001702000260005804000090008404100120009308200130010510000160011824500780013426000310021230000080024365000160025120260218150259.0260218b |||||||| |||| 00| 0 eng d a9788121924580c600.00 aMAIN aEnglish a658bGUP aGupta, R.N. aPrinciples of Management b: A Simplified Textbook of Management Studies  aNew DelhibS. Chand c2026 a436 aManagement